| 000 | 00998nam1a22002171i 4500 | ||
|---|---|---|---|
| 001 | rc\4121666 | ||
| 005 | 20260406161207.0 | ||
| 035 | _a(NLR Aleph) 007981323 | ||
| 090 |
_a8521769 _c8521769 |
||
| 100 | _a20130415d1954 |||y0rusy50 ca | ||
| 101 | 0 | _arus | |
| 102 | _aRU | ||
| 105 | _a z ||||| | ||
| 200 | 1 |
_aЛабораторная работа _e[Учеб. пособие для студентов МЭИ] _e№ 9- _fМ-во высш. образ. СССР. Моск. ордена Ленина энергет. ин-т им. В.П. Молотова. Кафедра автотракторного электрооборудования |
|
| 210 |
_aМосква _cБ. и. _d1954 |
||
| 215 | _d21 | ||
| 710 | 0 | 2 |
_aМосковский энергетический институт _bКафедра автотракторного электрооборудования _3RU\NLR\AUTH\889932570 _9360417 |
| 801 | 0 |
_aRU _bNLR _gpsbo |
|
| 801 | 1 |
_aRU _bELAR _2rusmarc |
|
| 852 |
_aNLR _jТ86 Г-4/1045 |
||
| 942 | _cBOOK | ||